| 000 | 00587nam a2200205Ia 4500 | ||
|---|---|---|---|
| 003 | GCL | ||
| 008 | 140319s9999 xx 000 0 ara d | ||
| 040 |
_aGCL / _cGCL |
||
| 082 | 0 | 4 |
_a928.1 _bص و |
| 100 | 1 | _aفؤاد دواره | |
| 245 | 1 | 0 |
_aوصية صاحب القنديل / _cفؤاد دواره |
| 700 | 1 | _aصلاح معاطى | |
| 300 | _a202 ص | ||
| 490 | _a | ||
| 650 | 0 | 4 | _aالادباء المصريون |
| 650 | 0 | 4 | _aيحيى حقى |
| 650 | 0 | 4 | _aالادباء العرب - مصر |
| 650 | 0 | 4 | _aالادب العربى - العصر الحديث |
| 942 |
_2ddc _cBK |
||
| 999 |
_c38804 _d38804 |
||